01972nam a22004934a 4500001001200000003000800012006001900020007001500039008004100054010001700095015001900112016001800131020003600149020003900185020003500224020003800259020001800297020001800315040002100333035002100354041001300375050002400388082001600412100003200428240003200460245027500492260004800767300001700815490003700832500003200869504005600901533015200957650001101109650003501120655002901155700002401184700002101208700003001229700001901259710001701278830003801295856012601333999001901459ebr10169960CaPaEBRm u cr cn|||||||||060206s2006 ctu sb 000 0 eng  z 2006004019 aGBA6679852bnb7 z0135268902Uk z0300117949 (cloth : alk. paper) z9780300117943 (cloth : alk. paper) z0300110707 (pbk. : alk. paper) z9780300110708 (pbk. : alk. paper) z9780300117943 z9780300110708 aCaPaEBRcCaPaEBR a(OCoLC)1230236271 aenghger14aJZ5538b.K36 2006eb04a303.6/62221 aKant, Immanuel,d1724-1804.10aSelections.lEnglish.f200610aToward perpetual peace and other writings on politics, peace, and historyh[electronic resource] /cImmanuel Kant ; edited and with an introduction by Pauline Kleingeld ; translated by David L. Colclasure ; with essays by Jeremy Waldron, Michael W. Doyle, Allen W. Wood. aNew Haven :bYale University Press,cc2006. axxiv, 265 p.1 aRethinking the Western tradition aTranslated from the German. aIncludes bibliographical references (p. [263]-265). aElectronic reproduction.bPalo Alto, Calif. :cebrary,d2013.nAvailable via World Wide Web.nAccess may be limited to ebrary affiliated libraries. 0aPeace. 0aPolitical sciencexPhilosophy. 7aElectronic books.2local1 aKleingeld, Pauline.1 aWaldron, Jeremy.1 aDoyle, Michael W.,d1948-1 aWood, Allen W.2 aebrary, Inc. 0aRethinking the Western tradition.40uhttp://site.ebrary.com/lib/rucke/Doc?id=10169960zAn electronic book accessible through the World Wide Web; click to view c136046d136046